000 01277cam a2200325 i 4500
001 54114
003 Mx-PuUPA
005 20260216112706.0
008 140415s2013 sp gr 000 0 spa d
017 _aB-45-2012
020 _a9788425428524
040 _cmx
_aMx-PuUPA
_bspa
_dMx-PuUPA
_erda
041 0 _aspa
100 1 _aColomer, Eusebi,
_d1923 or 1924-1997
_eautor
_917202
245 1 0 _aDe la edad media al renacimiento :
_bRamón Llull - Nicolás de Cusa - Juan Pico della Mirandola /
_cEusebi Colomer
250 _a2a. edición
264 1 _aBarcelona :
_bHerder Editorial,
_c2012
300 _a277 páginas ;
_c22 cm
336 _2rdacontent
_atexto
_btxt
337 _2rdamedia
_asin medio
_bn
338 _2rdacarrier
_avolumen
_bnc
600 1 4 _aLlull, Ramón,
_d1235-1315
600 1 4 _aNicolas Cusanus,
_cCardenal
_d1401-1464
650 7 _2armarc
_aFilosofía medieval
942 _2ddc
_cLI
_h181
_iC68
999 _c54114
_d54114